Statistics for Stardew Valley Characters

Click here to take the quiz!

General Stats

  • This quiz has been taken 8 times
    (7 since last reset)
  • The average score is 25 of 37

Answer Stats

Character Name% Correct
Alex
100%
Emily
100%
Jas
100%
Leah
100%
Marnie
100%
Sam
100%
Sebastian
100%
Shane
100%
The Wizard Rasmodius
100%
Abigail
80%
Caroline
80%
Gus
80%
Lewis
80%
Maru
80%
Pierre
80%
Vincent
80%
Demetrius
60%
Dwarf
60%
Evelyn
60%
George
60%
Haley
60%
Jodi
60%
Linus
60%
Pam
60%
Penny
60%
Robin
60%
Sandy
60%
Willy
60%
Clint
40%
Elliott
40%
Gunther
40%
Harvey
40%
Kent
40%
Krobus
40%
Morris
40%
Gil
0%
Marlon
0%

Score Distribution

Percentile by Number Answered

Percent of People with Each Score

Your Score History

You have not taken this quiz since the last reset